[Event "Druzynowe Mistrzostwa Polski Juniorow - I liga"]
[Site "Suchedniow"]
[Date "1899-12-30"]
[Round "9.30"]
[White "Jarocka, Liwia"]
[Black "Gaj, Magdalena"]
[Result "1-0"]
[WhiteTitle "I++"]
[BlackTitle "I"]
[WhiteElo "1797"]
[BlackElo "1272"]

1. e4 c5 2. Nf3 d6 3. d4 cxd4 4. Nxd4 Nf6 5. Nc3 g6 6. Be3 Bg7 7. f3 O-O 8. Bc4
Nc6 9. Bb3 Bd7 10. Qd2 Rc8 11. O-O-O Nxd4 12. Bxd4 b5 13. Nd5 Nxd5 14. Bxg7 Kxg7
15. exd5 a5 16. a3 Qc7 17. g4 a4 18. Ba2 Qc5 19. h4 Rc7 20. h5 g5 21. Qxg5+ Kh8
22. Rh2 f6 23. Qd2 Rb8 24. Re2 Be8 25. Rde1 Rbb7 26. Qh6 Kg8 27. g5 e6 28. dxe6
Qxg5+ 29. Qxg5+ fxg5 30. e7+ Kg7 31. Re6 h6 32. c3 Rb8 33. Bb1 Rcc8 34. Rxd6 Ra8
35. Be4 Ra7 36. Rd8 Rac7 37. Bf5 Rc5 38. Bxc8 Kf7 39. Bg4 Rc7 40. Bf5 1-0